| 000 | 00366nam a2200145Ia 4500 | ||
|---|---|---|---|
| 008 | 230719s9999 xx 000 0 und d | ||
| 041 | _aeng | ||
| 082 |
_a621.3815'3 _bMIL |
||
| 100 | _aMillman J. | ||
| 245 | _aElectronic Devices And Circuits | ||
| 260 | _bTata Mc-graw Hill Pub. | ||
| 300 | _a752 | ||
| 365 |
_cRs. _b110.00 |
||
| 700 | _aMillman J. & Halkias C.C. | ||
| 999 |
_c354334 _d354334 |
||